AH International Schools' Libraries

The pirates next door: starring the Jolley-Rogers / (Record no. 50167)

MARC details
000 -LEADER
fixed length control field 00325nam a2200109 4500
020 ## - INTERNATIONAL STANDARD BOOK NUMBER
International Standard Book Number 9780763658427
100 ## - MAIN ENTRY--PERSONAL NAME
Personal name Duddle, Jonny
9 (RLIN) 71251
245 ## - TITLE STATEMENT
Title The pirates next door: starring the Jolley-Rogers /
Statement of responsibility, etc Jonny Duddle
260 ## - PUBLICATION, DISTRIBUTION, ETC. (IMPRINT)
Place of publication, distribution, etc Massachusetts
Name of publisher, distributor, etc Templar Books
Date of publication, distribution, etc 2012
300 ## - PHYSICAL DESCRIPTION
Extent unpaged.
Other physical details col. ill.
Dimensions 25 cm.
942 ## - ADDED ENTRY ELEMENTS (KOHA)
Source of classification or shelving scheme
Koha item type Book
Holdings
Withdrawn status Lost status Source of classification or shelving scheme Damaged status Not for loan Collection code Home library Current library Shelving location Date acquired Total Checkouts Full call number Barcode Checked out Date last seen Date checked out Price effective from Koha item type
          TEACHERS' RESOURCES Asian Hope Early Years Library Asian Hope Early Years Library Easy Reading 02/06/2026 2 E DUD 209970 04/06/2026 04/06/2026 04/06/2026 02/06/2026 Book

For any Logos Library related questions please contact Miss Art at swongnarasuk@asianhope.org.

For any Asian Hope Library related questions please contact Miss Raza at graza@asianhope.org.

Click here to explore our ebooks!

Powered by Koha